00944 a2200205 4500003000500000005001700005040000900022082001600031100003900047245012400086260004000210300001800250505022500268650002300493651001900516700004300535942001200578999001900590952012900609NUST20251124162225.0 cNust a621.382,MAL aMalik, NC Rafia (TCC-19)9132040 aRemote energy monitoring and profiling system /cNC Rafia Malik, NC Sanam Rasheed, NC Anam Ajmal and PC Sulaiman Sadiq  aRawalpindibMCS (NUST)cAugust 2011 axiii, 118 p.; aIntroduction (Page-1), Literature Review (Page-6), Design and Development (Page-14), Equipment and Circuit Modification (Page-48), Analysis (Page-65), Future Work (Page-74), Conclusion (Page-80), Bibliography (Page-82). aUG Projects998716 aTCC-199106901 aSupervised by Dr. Adnan Rashdi9132041 cPR2ddc c188976d188976 00102ddc4070aMCSbMCScREFd2016-12-12o621.382,MALpMCSPTC-132r2016-12-08w2016-12-12yPRzAlmirah No. 94, Shelf No. 3